| 000 | 00353nam a22001457a 4500 | ||
|---|---|---|---|
| 020 | _a81-8482-3869-X | ||
| 082 |
_a823 _bFER/S |
||
| 100 | _aFERNANDES LUIS | ||
| 245 | _aSHIKARI SHAMBU'S ESCAPADES | ||
| 260 |
_aMUMBAI _bAMAR CHITHRA KATHA |
||
| 300 | _a72 | ||
| 520 | _aENGLISH SHORT STORIES | ||
| 650 |
_aSHIKARI SHAMBU ESCAPADES _zMUMBAI |
||
| 942 | _cBK | ||
| 999 |
_c5169 _d5169 |
||